000 00641cab a2200193 4500
001 ABS40895
008 090401t1989 xxu||||| |||| 00| 0 eng d
035 _a(Sirsi) u26800
041 _aeng
100 _aBishop, P.
245 _aCharge of the light brigade
260 _c1989
350 _a0
490 _aNew Civil Engineer
_v(845) 18 May 1989, 24-26(3)
520 _aLists the advantages of rapid transit systems over conventional rail systems. Briefly reports on light rail proposals for Birmingham , Sheffield , Bristol , Southampton and Leeds .
690 _aTRANSPORT AND COMMUNICATIONS
942 _n0
948 _c04/03/1997
999 _c18046
_d18046